[Event "Dortmund SuperGM 40th"]
[Site "Dortmund"]
[Date "2012.07.16"]
[Round "4"]
[White "Naiditsch, Arkadij"]
[Black "Kramnik, Vladimir"]
[Result "1/2-1/2"]
[WhiteElo "2700"]
[BlackElo "2799"]
[Annotator "Marin,M"]
[PlyCount "47"]
[EventDate "2012.07.13"]
[EventType "tourn"]
[EventRounds "9"]
[EventCountry "GER"]
[EventCategory "19"]
[SourceTitle "CBM 150"]
[Source "ChessBase"]
[SourceDate "2012.09.14"]
[SourceVersion "1"]
[SourceVersionDate "2012.09.14"]
[SourceQuality "1"]

1. e4 e5 2. Nf3 Nf6 3. d4 Nxe4 4. Bd3 d5 5. Nxe5 Nd7 6. Nxd7 Bxd7 7. O-O Bd6 8.
Nc3 Qh4 {This interesting variation, leading to the loss of the right to
castle, was brought into the limelight by Karpov on the occasion of his 1996
match against Kamsky. Quite logically so, since Karpov frequently kept his
king in the centre in those years. After 16 years, the idea seems to have
maintained its viability. However, the patent is not Karpov's entirely, since
there had been a previous game played in the Soviet Union with this line.} 9.
g3 Nxc3 10. bxc3 Qg4 {Only this move was Karpov's real novelty. The idea is to
prevent the activation of the white queen.} (10... Qf6 {Kveinys,A (2345)
-Maciejewski,M (2320)/Gdynia 1989/EXT 97 (1-0, 33)}) 11. Re1+ Kf8 $5 {
Deviating from the initial path.} ({Black usually plays} 11... Kd8 {as
happened in the initial game Kamsky,G (2735)-Karpov,A (2770)/Elista 1996/CBM
054/[Gurevich,M] (0-1, 29)}) 12. Be2 Qg6 13. c4 dxc4 14. Bxc4 h5 15. Qf3 h4 16.
Qxb7 $146 (16. Ba3 hxg3 17. hxg3 Qh5 18. Bxd6+ cxd6 19. Qxh5 {1/2 Hansen,T 
(2382)-Moen,A (2295)/Tonsberg 2008/CBM 125 Extra}) 16... Re8 17. Rxe8+ Bxe8 18.
Bd3 Qh5 19. Qe4 hxg3 20. hxg3 Qd1+ 21. Bf1 Qh5 22. Bd3 Qd1+ 23. Bf1 Qh5 24. Bd3
1/2-1/2

[Event "Dortmund SuperGM 40th"]
[Site "Dortmund"]
[Date "2012.07.17"]
[Round "5"]
[White "Kramnik, Vladimir"]
[Black "Ponomariov, Ruslan"]
[Result "1/2-1/2"]
[WhiteElo "2799"]
[BlackElo "2726"]
[Annotator "Krasenkow,M"]
[PlyCount "73"]
[EventDate "2012.07.13"]
[EventType "tourn"]
[EventRounds "9"]
[EventCountry "GER"]
[EventCategory "19"]
[SourceTitle "CBM 150"]
[Source "ChessBase"]
[SourceDate "2012.09.14"]
[SourceVersion "1"]
[SourceVersionDate "2012.09.14"]
[SourceQuality "1"]

1. d4 d5 2. c4 dxc4 3. Nf3 Nf6 4. e3 e6 5. Bxc4 c5 6. O-O a6 7. dxc5 Bxc5 8.
Qe2 Nc6 9. e4 b5 10. Bb3 Bb7 (10... Nd4 {is the main theoretical line. The
text move is considered less accurate but the present game doesn't confirm
that conclusion.}) 11. Nc3 (11. e5 {is another option.}) 11... Nd4 (11... Qc7
12. e5 Nd7 13. Bf4 Nd4 (13... g5 $6 14. Nxg5 Nd4 15. Qh5 O-O-O {1-0 Vera
Gonzalez Quevedo,R (2455)-Rechlis,G (2515)/Berlin West 1988/TD (27)} 16. Kh1
$16 {R.Vera}) (13... Ne7 14. Ne4 Ng6 15. Bg3 Bxe4 16. Qxe4 $16 {[%cal Gh2h4,
Gh4h5] 1-0 Ehlvest,J (2610)-Zilberman,Y (2560)/Eupen 1997/CBM 062/[Huzman] (27)
The advantage of two bishops and possibility of an attack on the kingside
gives White a clear advantage}) (13... Na5 14. Bc2 Rc8 {1-0 Vera Gonzalez
Quevedo,R (2480)-Espinoza,R (2355)/Durango 1989/EXT 2010 (31)} 15. Rac1 $36)
14. Nxd4 Bxd4 15. Rac1 Nc5 16. Rfd1 Rd8 17. Qg4 O-O 18. Bg5 Bxe5 19. Bxd8 Rxd8
$14 {1-0 Hjartarson,J (2605)-Ross,D (2345)/Winnipeg 1997/CBM 060 ext (24)}) (
11... Nd7 12. e5 Nd4 13. Nxd4 Bxd4 14. Rd1 Qb6 15. Qd2 Qc6 16. Bd5 exd5 17.
Qxd4 O-O 18. Nxd5 Rfe8 19. Bf4 Qxd5 20. Qxd5 Bxd5 21. Rxd5 Nb6 22. Rd2 Nc4 23.
Re2 $14 {1/2 Georgiev,K (2675)-Gyimesi,Z (2505)/Ulcinj 1998/EXT 1999 (50)}) 12.
Nxd4 Bxd4 13. e5 Nd5 $1 $146 {[%mdl 8]} (13... Nd7 {leads to the
above-mentioned line.}) 14. Nxd5 (14. Rd1 Bxc3 15. bxc3 O-O {is hardly
dangerous for Black.}) 14... Bxd5 15. Rd1 Bxb3 16. axb3 Qb6 17. Bd2 O-O 18. Ba5
Qa7 19. Rd2 f6 {The simplest course.} 20. exf6 ({Or} 20. Bc3 Bxc3 21. bxc3 Qc5
$5 22. exf6 Qxc3 23. Qxe6+ Rf7 24. Rad1 Qxf6 {, and Black should safely reach
a draw.}) 20... Rxf6 21. Rxd4 Qxd4 22. Bc3 Qf4 23. Bxf6 Qxf6 $11 {Black has a
weak e6-pawn but White's doubled pawns need protection, too. Therefore the
position is equal.} 24. Rc1 Qf5 25. h3 Qd5 26. Qe3 h6 27. b4 Rf8 28. f3 Rd8 29.
Kh1 Kh8 30. Re1 Qd4 31. Qc3 Qxc3 32. bxc3 Rd3 33. Rxe6 Rxc3 34. Rxa6 Rc4 35.
Rb6 Rxb4 36. f4 Rxf4 37. Rxb5 1/2-1/2

[Event "Dortmund SuperGM 40th"]
[Site "Dortmund"]
[Date "2012.07.19"]
[Round "6"]
[White "Fridman, Daniel"]
[Black "Kramnik, Vladimir"]
[Result "1/2-1/2"]
[WhiteElo "2655"]
[BlackElo "2799"]
[Annotator "Marin,M"]
[PlyCount "77"]
[EventDate "2012.07.13"]
[EventType "tourn"]
[EventRounds "9"]
[EventCountry "GER"]
[EventCategory "19"]
[SourceTitle "CBM 150"]
[Source "ChessBase"]
[SourceDate "2012.09.14"]
[SourceVersion "1"]
[SourceVersionDate "2012.09.14"]
[SourceQuality "1"]

1. d4 Nf6 2. c4 g6 3. Nc3 d5 4. Nf3 Bg7 5. Bf4 O-O 6. e3 c5 7. dxc5 Ne4 8. Rc1
(8. Be5 {has the abstract drawback of moving again with an already developed
piece. A recent game of a 2700+ player went} Nxc3 9. Bxc3 Bxc3+ 10. bxc3 Qa5
$36 {Markov,M (2261)-Wang Hao (2724)/Khanty Mansiysk 2010/CBM 139 (0-1, 33)})
8... Nd7 (8... Nxc3 9. bxc3 {is more popular. By the way, after} Qa5 10. cxd5
Nd7 {White could transpose to the game with} 11. Nd4 {(although this has never
happened in practice!)}) 9. cxd5 Qa5 10. Nd4 Nxc3 11. bxc3 Qxa2 {"Almost" a
novelty.} (11... Nxc5 {is the common move.}) 12. Qb3 $146 (12. c6 Nc5 $132 {
Somogyi,I (2290)-Kun,S (2295)/Hungary 1992/EXT 2000 (1-0, 44)}) 12... Qxb3 13.
Nxb3 a5 $132 {The same as in his game with Gustafsson, this pawn advance on
the 13th move creates strong counterplay.} 14. c6 Nf6 15. d6 bxc6 16. dxe7 Re8
17. Nd4 Bd7 18. Bd6 Ne4 19. Ba3 c5 20. Bd3 Rxe7 21. Bxe4 Rxe4 22. Bxc5 Rc8 23.
Ba3 f5 24. g3 {White has managed to keep his extra pawn, but the bishop pair
and the potentially dangerous a5-pawn offer Black ample compensation.} g5 25.
Kd2 Rce8 26. Rhe1 f4 27. exf4 Rxe1 28. Rxe1 Rxe1 29. Kxe1 gxf4 30. Kd2 Kf7 31.
Kd3 fxg3 32. hxg3 h5 33. f4 Bf6 34. Kc4 h4 35. gxh4 Bxh4 36. Nf3 Bf6 37. Ne5+
Bxe5 38. fxe5 Ke6 39. Bd6 1/2-1/2

[Event "Zuerich Chess Challenge Blitz"]
[Site "Zuerich"]
[Date "2013.02.22"]
[Round "3"]
[White "Caruana, Fabiano"]
[Black "Kramnik, Vladimir"]
[Result "1/2-1/2"]
[WhiteElo "2757"]
[BlackElo "2810"]
[PlyCount "108"]
[EventDate "2013.02.22"]
[EventType "tourn (blitz)"]
[EventRounds "6"]
[EventCountry "SUI"]
[EventCategory "21"]
[SourceTitle "CBM 153 Extra"]
[Source "ChessBase"]
[SourceDate "2013.04.22"]
[SourceVersion "1"]
[SourceVersionDate "2013.04.22"]
[SourceQuality "1"]

1. e4 g6 2. d4 Bg7 3. Nc3 c6 4. Be3 d6 5. Qd2 Nd7 6. h4 Ngf6 7. f3 b5 8. g4 Nb6
9. h5 Rg8 10. Nh3 b4 11. Nd1 a5 12. a3 bxa3 13. Rxa3 Ba6 14. Bxa6 Rxa6 15. Qe2
Ra8 16. c4 Nfd7 17. Nc3 e6 18. Kf2 gxh5 19. g5 Qe7 20. Nf4 h6 21. Nxh5 hxg5 22.
Nxg7+ Rxg7 23. Rh8+ Nf8 24. Rb3 Nbd7 25. Rb7 g4 26. fxg4 Rh7 27. Rxh7 Nxh7 28.
Qf3 Qh4+ 29. Qg3 Qxg3+ 30. Kxg3 a4 31. Bc1 Nhf8 32. Rb4 c5 33. dxc5 Nxc5 34.
Nb5 Kd7 35. Be3 Nd3 36. Bd2 Nxb4 37. Bxb4 Ra6 38. e5 Ng6 39. Bxd6 Rc6 40. c5
Ne7 41. Kf4 Ra6 42. Kg5 Nd5 43. Nd4 Ra8 44. c6+ Ke8 45. Kh6 Ne3 46. Kg5 Nc4 47.
Nb5 Rc8 48. c7 Nxb2 49. Na7 Kd7 50. Nxc8 Kxc8 51. Kf6 Nc4 52. Kxf7 a3 53. Bxa3
Nxe5+ 54. Kxe6 Nxg4 1/2-1/2

[Event "Zuerich Chess Challenge"]
[Site "Zuerich"]
[Date "2013.02.27"]
[Round "4"]
[White "Gelfand, Boris"]
[Black "Kramnik, Vladimir"]
[Result "1/2-1/2"]
[WhiteElo "2740"]
[BlackElo "2810"]
[Annotator "CB"]
[PlyCount "91"]
[EventDate "2013.02.23"]
[EventType "tourn"]
[EventRounds "6"]
[EventCountry "SUI"]
[EventCategory "21"]
[SourceTitle "CBM 153"]
[Source "ChessBase"]
[SourceDate "2013.03.14"]
[SourceVersion "1"]
[SourceVersionDate "2013.03.14"]
[SourceQuality "1"]

1. d4 Nf6 2. c4 e6 3. Nf3 d5 4. g3 Be7 5. Bg2 O-O 6. O-O dxc4 7. Qc2 a6 8. Qxc4
b5 9. Qc2 Bb7 10. Bd2 Be4 11. Qc1 Qc8 12. b4 (12. Bg5 Nbd7 13. Nbd2 Bb7 14. Nb3
a5 15. Rd1 (15. Bxf6 Bxf6 16. Nc5 Bd5 17. e4 Bc4 18. Nxd7 Qxd7 19. Re1 Bxd4 20.
Rd1 c5 21. Qc2 e5 22. Nxe5 {1/2-1/2 (22) Aronian,L (2750)-Kramnik,V (2769)
Mexico City 2007}) 15... Bd5 16. Ne5 Bxg2 17. Kxg2 a4 18. Nc5 Bxc5 19. Bxf6 Bb6
20. Bg5 Nxe5 21. dxe5 h6 22. Bxh6 gxh6 23. Qxh6 Rd8 24. Qg5+ {1/2-1/2 (24)
Gelfand,B (2733)-Leko,P (2751) Mexico City 2007}) 12... Nbd7 (12... Nc6 13. Nc3
Nxb4 14. Nxe4 Nxe4 15. Bxb4 Bxb4 16. Qb1 Bc3 17. Qxe4 Bxa1 18. Ng5 g6 19. Qh4
h5 20. Bxa8 Bxd4 21. Qxd4 Qxa8 22. Rd1 {1-0 (22) Popov,V (2577)-Biriukov,O 
(2327) St Petersburg 2012}) 13. Nc3 Bc6 14. a3 Qb7 15. Qc2 h6 16. Rac1 Rac8 17.
Rfe1 Nb6 18. e4 Nc4 19. d5 Bd7 (19... exd5 $2 20. exd5 $18) 20. dxe6 fxe6 (
20... Bxe6 21. e5 Nxa3 22. Qd3 Rfd8 23. Nd4 Qa7 24. Nc6 Rxd3 25. Nxa7 Ng4 26.
Nxc8 Bxb4 $13) 21. e5 Ng4 22. Re4 Nxf2 $1 23. Kxf2 (23. Rxc4 $5 bxc4 (23... Qb6
$5 24. Rf4 Nd3+ 25. Kh1 Nf2+ 26. Kg1 Nh3+ 27. Kh1 {und nun nicht} Qg1+ $4 28.
Nxg1 {ohne ersticktes Matt.} (28. Rxg1 Nf2#)) 24. Kxf2 Bc6 25. Bf4) 23... Nxd2
({Naheliegend war} 23... Bc6 {z.B.:} 24. Rf4 Rcd8 25. Be3 (25. Be1 $2 Qb6+ 26.
Ke2 Qe3+ 27. Kf1 Rxf4 28. gxf4 Bxf3 $19) 25... Nxe3 26. Kxe3 Qb6+ 27. Ke2 Bg5
28. Nxg5 hxg5 29. Rxf8+ Rxf8 30. Rf1 Bxg2 31. Rxf8+ Kxf8 32. Qd2 $11) 24. Qxd2
c5 25. Kg1 (25. bxc5 Bxc5+ 26. Kf1 Bxa3 $19 (26... Bc6 $19)) (25. Rf4 $5) 25...
cxb4 26. axb4 Bc6 27. Rce1 a5 28. Nd4 Qa7 (28... Bxe4 29. Nxe4 Qa7 30. Rd1 Bxb4
31. Qd3 Rcd8 $17) 29. Ncxb5 $2 (29. R4e3 $5 {mit der Idee} Bxg2 30. Ncxb5 Qa6
31. Qxg2 Bxb4 $18) 29... Bxb5 30. Kh1 Bc4 31. bxa5 Rfd8 32. Qb2 Qxa5 33. Nf3
Bd5 $17 34. R4e2 Bb4 35. Rg1 Bc3 36. Qb1 Bc4 37. Re3 Bb4 38. Re4 Bf8 (38... Bc3
$5 39. Rg4 Bd3 40. Qb3 Qd5 41. Qxd5 exd5 $17) 39. Rf4 Bd3 (39... Bd5 $5) 40.
Qb3 Qd5 41. Qxd5 Rxd5 42. Nd4 Rxe5 43. Nxe6 Be7 44. Rd4 Bf5 45. Nf4 Bc5 46. Rd5
1/2-1/2

[Event "Zuerich Chess Challenge"]
[Site "Zuerich"]
[Date "2013.02.28"]
[Round "5"]
[White "Kramnik, Vladimir"]
[Black "Caruana, Fabiano"]
[Result "1/2-1/2"]
[WhiteElo "2810"]
[BlackElo "2757"]
[Annotator "Andreikin,D"]
[PlyCount "93"]
[EventDate "2013.02.23"]
[EventType "tourn"]
[EventRounds "6"]
[EventCountry "SUI"]
[EventCategory "21"]
[SourceTitle "CBM 153"]
[Source "ChessBase"]
[SourceDate "2013.03.14"]
[SourceVersion "1"]
[SourceVersionDate "2013.03.14"]
[SourceQuality "1"]

1. Nf3 c5 2. c4 Nf6 3. g3 {Kramnik did not show opening secrets in this
tournament. For example, in the first game against Gelfand he played 1.Ng1-f3
and 2.b2-b3. The fact is that two weeks after this tournament Kramnik will
participate in a much more important event. I think, this tournament Kramnik
saw as training before the Candidates Tournament in London.} d5 {I like
another idea:} (3... b6 $5 4. Bg2 Bb7 5. O-O g6 $5 6. Nc3 Bg7 7. d4 Ne4 $132)
4. Bg2 Nc6 {If Caruana planned to play d5-d4, he could do it now.} (4... d4 $5
5. b4 $5 cxb4 6. a3 bxa3 7. Bxa3 Nc6 $11 {This is a Volga Gambit (A58) with a
change of colour. Chess players who use this opening know that the side with
the extra pawn will not suffer much from being a tempo down.}) 5. O-O (5. cxd5
$5 Nxd5 6. Nc3 $14 {=}) 5... d4 $1 {Caruana does not hesitate before his
famous opponent! Of course, it is not only the capture of the center and the
space, but also a responsible decision.} 6. e3 e5 7. exd4 cxd4 {Black has no
problems after recapturing symmetrically:} (7... exd4 $5 8. d3 Be7 9. Bf4 O-O
10. Ne5 Nxe5 11. Bxe5 Ng4 12. Bf4 Bd6 $11 {I am not sure what Kramnik intended
in this variation.}) 8. d3 {After this move the position goes to a Benoni
Defence (A70) with an additional tempo for White. Aggressive play could begin
right now:} (8. b4 $5 Bxb4 9. Nxe5 Nxe5 10. Qa4+ Nfd7 11. Qxb4 Nd3 {In the
classic version the knight takes a pawn located on d3/d6... but the assessment
does not change.} 12. Qa3 (12. Qd6 $5 $11) 12... N7c5 13. Be4 Nxe4 14. Qxd3 Nc5
15. Qf3 O-O 16. Ba3 Qa5 17. Qd5 b6 18. Bxc5 Be6 19. Qxd4 bxc5 20. Qc3 Qxc3 21.
Nxc3 Bxc4 $11) (8. Re1 $5 Bd6 (8... Nd7 $5 9. Nxe5 Ncxe5 10. f4 Bd6 11. fxe5
Nxe5 12. c5 Bc7 13. Qa4+ Bd7 14. Qxd4 O-O $44) 9. b4 O-O 10. b5 Nb4 11. d3 a6
$1 12. Nxe5 Re8 13. a3 axb5 14. Bb2 bxc4 (14... Na6 15. cxb5 Nc5 16. Nf3 Rxe1+
17. Nxe1 Na4 $44) 15. axb4 Rxa1 16. Bxa1 Bxb4 17. Re2 c3 18. Qb3 Qc7 19. Qxb4
Rxe5 20. Rxe5 Qxe5 21. Bxc3 dxc3 22. Qxc3 Qxc3 23. Nxc3 $11) 8... Be7 9. Bg5 $5
{Having an extra move White tried this idea.} (9. Re1 Nd7 $11) 9... O-O 10.
Nbd2 h6 11. Bxf6 Bxf6 12. a3 {/\b2-b4.} a5 $11 {So I think each player
obtained what he wanted. White has a pawn advantage on the queenside and a
strong bishop on g2. Black has a strong pawn center, but it is difficult to
use it without playing f7-f5.} 13. Ne1 $5 {A typical idea of this system. The
diagonal of the white bishop increases, the white knight goes to c2 to support
the pawn advance b2-b4. I think Kramnik still hadn't chosen the final plan,
until he had transferred his pieces to good positions. The pawn attack can
begin right now:} (13. c5 $5 Be6 14. Rc1 a4 15. Nc4 Qc7 16. Nfd2 Bg5 17. h4 (
17. Nd6 $5 Be7 18. Re1 Bxd6 19. cxd6 Qxd6 20. Ne4 Qc7 21. Nc5 $36) 17... Bxc4
18. Rxc4 Bxd2 19. Qxd2 $36 {=}) 13... Bf5 {This move ties the white knight to
the d3-pawn, but the square on d5 remains free. The bishop can take another
position:} (13... Be6 $5 14. Nc2 Be7 15. Re1 a4 16. Nf3 (16. Bxc6 bxc6 17. Rxe5
c5 $44) 16... Ra5 17. Nb4 Bd6 $11) 14. Rb1 {This move can be useful in many
ways. Kramnik plays in his manner - he slowly prepares the basis for active
actions.} (14. Bd5 $5) 14... Be7 15. Qe2 Re8 $6 {In my opinion this is a small
inaccuracy. White was not threatening to take on c6, so why weaken the point
f7?} (15... Qd7 $5 16. Nc2 Bd6 17. Ne4 Be7 18. Nd2 Bd6 $11) 16. Bd5 $1 {
Unexpectedly White starts to disturb the black king.} Bf8 {The black pieces
are quite harmonious.} 17. Ng2 {A logical solution. Active white ideas are
associated with f2-f4 or the capture of the white squares.} Qd7 {/\Bf5-g4} 18.
Qf3 {Another important decision. Now Black doesn't have active ideas.} Be6 (
18... Bg4 $4 19. Bxf7+ $16) 19. Rfe1 $6 {Knowing the development of this game
it is possible to assume that rook will be useful on f1.} (19. Rbe1 $5) 19...
Rad8 20. Bxe6 Rxe6 $11 21. Ne4 {After the exchange of bishops the position
became considerably simpler, but Kramnik continues active play. It was the
penultimate game of the tournament. Vladimir Kramnik had a half point less
than Caruana and did not want an easy draw.} Be7 $1 {/\ Rd8-f8 /\f7-f5. Simple
and clever solution. Soon Black wants to use the power of his pawn center.
White's knight on g2 is not in play.} 22. Qh5 Rf8 23. g4 {Aggressive, but at
the same time forced action.} Kh7 $6 {A provocative move. Black can start
counterplay on the queenside.} (23... Rb8 $5 24. h4 b5 25. c5 b4 $132) (23...
Rg6 24. Qf5 Re6 25. Qh5 Rg6 $11) 24. g5 $132 {Queen + knight are very
dangerous sheaf in hands of the master. Now small forces create unpleasant
threats for the black king. And White has two knights...} Rg6 (24... Kg8 25. h4
Qe8 26. Qg4 Rg6 27. Qf5 Qc8 28. Qxc8 Rxc8 29. h5 Re6 30. f4 $36) (24... Qe8 25.
Qh3 Kg8 26. f4 $40) 25. f4 exf4 {Caruana decided to donate the material to
release the pressure. It is a bold and reasonable decision. Black had another
interesting move:} (25... Rh8 $5 26. Nh4 (26. h4 Qh3 27. Nf2 Qd7 28. Ne4 Qh3
$11) 26... exf4 (26... Qh3 $2 27. Nf2 $18) 27. Nxg6 fxg6 28. Qe2 Rf8 $1 29.
gxh6 f3 30. hxg7 $1 Kxg7 (30... fxe2 $4 31. gxf8=N+ $1 Bxf8 32. Nf6+ $18) 31.
Qf1 Qg4+ 32. Kh1 Qf4 $44) 26. Nxf4 Rxg5+ $6 {The rook needed to be given in
another way:} (26... Ne5 $1 27. Kh1 Qf5 $1 28. Nxg6 (28. Nd5 Bd8 29. Rf1 Qg4
30. Qxg4 Nxg4 $11) 28... fxg6 29. Qe2 Bxg5 $11 30. Nxg5+ hxg5 31. Qxe5 (31. Rf1
Nf3 $11) 31... Qf3+ 32. Kg1 Qf2+ 33. Kh1 Qf3+ 34. Kg1 $11) 27. Nxg5+ Bxg5 28.
Ng2 $6 {White did not have to take away his pieces from the center.} (28. Re4
$1 Ne7 (28... f5 $4 29. Ne6 $18) 29. Qf3 Nf5 30. Nd5 g6 31. Re5 $5 $14) 28...
f5 $1 {Caruana correctly sees the dynamics of this position. The f-pawn can
become a big danger for the white king.} 29. Qf3 Bf6 {Useful move, but Bg5 was
good. Black had full counterplay in such option:} (29... Qc7 $5 30. h4 $5 Bd2
$1 31. Re2 Be3+ 32. Nxe3 dxe3 33. Qxe3 Qd6 $1 $13 {The white king is too weak.}
) 30. Rf1 g6 {Black would have good drawing chances in the endgame:} (30... Ne5
31. Qxf5+ Qxf5 32. Rxf5 Nxd3 $14 {The black pieces are active and this
compensates for material losses.}) 31. Qd5 $1 $14 {This move starts the second
wave of White's attack!} Qc7 $5 {Caruana keeps his queens and plays on three
results!} (31... Qxd5 $5 32. cxd5 Ne5 33. Rbc1 $14) 32. Nf4 Re8 33. Kh1 {
A good prophylactic move, but now the white queen has to leave the center.
Stabilizing the situation in the center could be achieved thus:} (33. Ne6 $5
Qe7 34. Rbe1 Ne5 $1 35. Nf4 {White wants to double rooks on the e-line, what
is the plan of Black?}) 33... Re5 $1 34. Qg2 Ne7 (34... Bg5 35. Nd5 $14) 35. b4
$1 $14 {White realized his opening idea. The rook went to b1 twenty moves ago,
and now became useful.} a4 {Of course, Caruana does not want to open the
b-line.} 36. b5 {White is using his pawn majority on the queenside.} Bg5 (36...
Re3 $5) 37. Ne2 $1 Qd7 38. Rb4 Re3 39. c5 $2 {Vladimir Kramnik made a series
of strong moves, but now goes wrong. A big advantage was very close, and it
remained only to make some exact defensive moves.} (39. Rf3 $1 Qe6 40. Ng1 $1
Re1 41. Rf1 Re3 42. Rd1 $1 $16) 39... Rxd3 40. c6 bxc6 41. b6 {Doing move 39.
c5 Kramnik overestimated the prospects of this pawn.} Qb7 $1 $15 42. Nxd4 Nd5 {
This move forces the draw. The result gives Caruana a good chance for first
place in the tournament. Black could continue the game with a small advantage
after:} (42... Rd2 $5 43. Qf3 Nd5 44. Rxa4 Nxb6 45. Rb4 Be7 46. Nxf5 $1 Bxb4
47. axb4 Qf7 $1 48. Nd4 Qxf3+ 49. Nxf3 $15) 43. Rxa4 Qxb6 44. Ne6 Qe3 $1 {
Important centralization of the queen. It seems that White has yet to solve
some problems. Kramnik finds an effective combination for a draw!} 45. Re4 $1
$11 Qxe4 46. Qxe4 fxe4 47. Rf7+ 1/2-1/2